MBA trong tầm tay chủ đề quản lý dự án = The portable MAB in project management

Nội dung của cuốn sách này dựa vào những nhận định và quan sát về các thách thức đối với việc quản lý một tổ chức có cấu trúc hoạt động theo dự án

Kaydedildi:
Detaylı Bibliyografya
Yazar: Verzuh, Eric
Diğer Yazarlar: Trần Huỳnh Minh Triết (Biên dịch), Trịnh Đức Vinh (Biên dịch)
Materyal Türü: Kitap
Dil:Vietnamese
Baskı/Yayın Bilgisi: TP Hồ Chí Minh Tổng hợp TP. HCM 2011
Edisyon:In lần thứ 2 tại Việt Nam
Konular:
Etiketler: Etiketle
Etiket eklenmemiş, İlk siz ekleyin!
Thư viện lưu trữ: Thư viện Trường Đại học Nam Cần Thơ
LEADER 01866nam a22002777a 4500
001 NCT_44010
008 180706b xxu||||| |||| 00| 0 vie d
999 |c 2110  |d 2110 
020 |c 200000 
082 0 4 |2 23rd ed.  |a 658.404  |b V547 
100 1 |a Verzuh, Eric 
245 1 0 |a MBA trong tầm tay chủ đề quản lý dự án =  |b The portable MAB in project management  |c Eric Verzuh; Trần Huỳnh Minh Triết, Trịnh Đức Vinh (dịch) 
250 |a In lần thứ 2 tại Việt Nam 
260 |a TP Hồ Chí Minh  |b Tổng hợp TP. HCM  |c 2011 
300 |a 559 tr.  |c 27cm 
520 3 |a Nội dung của cuốn sách này dựa vào những nhận định và quan sát về các thách thức đối với việc quản lý một tổ chức có cấu trúc hoạt động theo dự án 
653 |a Quản trị kinh doanh 
700 1 |a Trần Huỳnh Minh Triết  |e Biên dịch 
700 1 |a Trịnh Đức Vinh  |e Biên dịch 
942 |2 ddc  |c BK 
952 |0 0  |1 0  |2 ddc  |4 0  |6 658_404000000000000_V547  |7 0  |9 12001  |a 000001  |b 000001  |d 2018-07-06  |o 658.404 V547  |p MD.06225  |r 2018-07-06  |v 200000.00  |w 2018-07-06  |y BK 
952 |0 0  |1 0  |2 ddc  |4 0  |6 658_404000000000000_V547  |7 0  |9 12002  |a 000001  |b 000001  |d 2018-07-06  |o 658.404 V547  |p MD.06226  |r 2018-07-06  |v 200000.00  |w 2018-07-06  |y BK 
952 |0 0  |1 0  |2 ddc  |4 0  |6 658_404000000000000_V547  |7 0  |9 12005  |a 000001  |b 000001  |d 2018-07-06  |o 658.404 V547  |p MD.06228  |r 2018-07-06  |v 200000.00  |w 2018-07-06  |y BK 
952 |0 0  |1 0  |2 ddc  |4 0  |6 658_404000000000000_V547  |7 0  |9 12006  |a 000001  |b 000001  |d 2018-07-06  |o 658.404 V547  |p MD.06229  |r 2018-07-06  |v 200000.00  |w 2018-07-06  |y BK 
952 |0 0  |1 0  |2 ddc  |4 0  |6 658_404000000000000_V547  |7 0  |9 12007  |a 000001  |b 000001  |d 2018-07-06  |o 658.404 V547  |p MD.06230  |r 2018-07-06  |v 200000.00  |w 2018-07-06  |y BK 
980 |a Thư viện Trường Đại học Nam Cần Thơ